Logo Biblioteca

Diseño y arquitectura de una revolución / (Registro nro. 1017)

Detalles MARC
000 -LEADER
fixed length control field 03040nam a22003497a 4500
003 - CONTROL NUMBER IDENTIFIER
control field AR-RoUNCS
005 - DATE AND TIME OF LATEST TRANSACTION
control field 20260514122714.0
007 - PHYSICAL DESCRIPTION FIXED FIELD--GENERAL INFORMATION
fixed length control field ta
008 - FIXED-LENGTH DATA ELEMENTS--GENERAL INFORMATION
fixed length control field 260514s2025 uy a||||r|||| 00| 0 spa d
020 ## - INTERNATIONAL STANDARD BOOK NUMBER
International Standard Book Number 9789974022331
040 ## - CATALOGING SOURCE
Original cataloging agency AR-RoUNCS
Language of cataloging spa
Transcribing agency AR-RoUNCS
041 ## - LANGUAGE CODE
Language code of text/sound track or separate title spa
100 1# - MAIN ENTRY--PERSONAL NAME
Personal name Palmarola, Hugo
Relator term autor
245 1# - TITLE STATEMENT
Title Diseño y arquitectura de una revolución /
Statement of responsibility, etc. Hugo Palmarola.
260 ## - PUBLICATION, DISTRIBUTION, ETC.
Place of publication, distribution, etc. Montevideo :
Name of publisher, distributor, etc. FADU,
Date of publication, distribution, etc. 2025.
300 ## - PHYSICAL DESCRIPTION
Extent 102 p. :
Other physical details fots. ;
Dimensions 16 cm.
490 0# - SERIES STATEMENT
Series statement Conferencias ;
Volume/sequential designation 33
500 ## - GENERAL NOTE
General note Transcripción de Conferencia inaugural . Segundo semestre de 2024.
505 ## - FORMATTED CONTENTS NOTE
Title Presentación /
Statement of responsibility Juan Articardi, Carolina Poradosú, Mónica Farkas.
505 ## - FORMATTED CONTENTS NOTE
Title Presentación /
Statement of responsibility Magdalena Sprechmann y Guillermo Lago.
505 ## - FORMATTED CONTENTS NOTE
Title Paneles en perspectiva histórica
505 ## - FORMATTED CONTENTS NOTE
Title Cultura popular y adaptaciones
505 ## - FORMATTED CONTENTS NOTE
Title Chile, en una sola pieza y living
505 ## - FORMATTED CONTENTS NOTE
Title Panel volador
505 ## - FORMATTED CONTENTS NOTE
Title La caída
505 ## - FORMATTED CONTENTS NOTE
Title Diseñar una revolución
505 ## - FORMATTED CONTENTS NOTE
Title Cybersyn
505 ## - FORMATTED CONTENTS NOTE
Title Preguntas desde el auditorio
520 ## - SUMMARY, ETC.
Summary, etc. La conferencia analizará cómo la cultura proyectual en Chile durante el gobierno de Salvador Allende (1970- 1973) se convirtió en un episodio latinoamericano fundamental en la historia del diseño y arquitectura global, al producir una alianza sin precedentes entre socialismo, democracia y cultura proyectual.<br/>Cincuenta años después del golpe de Estado civil-militar que puso fin a la democracia chilena y a estas iniciativas de diseño y arquitectura, la realización de las exposiciones y libros “Monolith Controversies” (Venecia 2014), “Flying Panels” (Estocolmo 2019-2020), y “Cómo diseñar una revolución” (Santiago 2023-2024) son un recordatorio de la capacidad transformadora del diseño y de la arquitectura latinoamericana en la complejidad de procesos democráticos orientados a la transformación social y una fuente de inspiración creativa y colectiva.<br/>La conferencia abordará algunas de las historias más significativas de una innovadora experiencia de diseño gráfico e industrial, que involucró cucharas dosificadoras de leche en polvo para combatir la desnutrición infantil, carteles de fomento a la acción colectiva y una sala de operaciones cibernética para administrar las industrias estatales. Estos y otros proyectos nos permiten comprender cómo los diseñadores de Chile trabajaron para crear una nueva vía hacia la justicia social, material y visual desde Latinoamérica.<br/>En el caso de la arquitectura, la conferencia abordará la historia de la importación de una fábrica de paneles de hormigón, proyecto que formó parte de la tipología de vivienda más extendida alrededor del mundo. Un proyecto de vivienda social masiva e industrializada que permite reflexionar sobre la circulación global de tecnologías y el rol del trabajo colectivo, así como cuestionar la noción de autor y de obra única en la arquitectura.
650 #7 - SUBJECT ADDED ENTRY--TOPICAL TERM
Source of heading or term embne
Topical term or geographic name entry element Diseño arquitectónico
Geographic subdivision Chile
942 ## - ADDED ENTRY ELEMENTS (KOHA)
Source of classification or shelving scheme Universal Decimal Classification
Koha item type Obra General
Suppress in OPAC No
Existencias
Withdrawn status Lost status Source of classification or shelving scheme Damaged status Not for loan Collection Home library Current library Date acquired Source of acquisition Total checkouts Full call number Barcode Date last seen Price effective from Koha item type
    Universal Decimal Classification     Colección General Biblioteca Escuela de Ciencias Sociales Biblioteca Escuela de Ciencias Sociales 14/05/2026 Donación 2026 Bartolacci   721(83)(042.3) P171 000622 14/05/2026 14/05/2026 Obra General
Biblioteca de la Escuela Preuniversitaria en Ciencias Sociales y Humanísticas.
Riobamba 250 bis.
CP 2000 - Rosario - Santa Fe
E-Mail: biblioteca@esociales.unr.edu.ar